Money, interest rates, and monetarist policy: some more unpleasant monetarist arithmetic? (Registro nro. 29345)
[ vista simple ]
| 000 -LEADER | |
|---|---|
| fixed length control field | 00390 a2200109 4500 |
| 001 - CONTROL NUMBER | |
| control field | ART_45498 |
| 005 - DATE AND TIME OF LATEST TRANSACTION | |
| control field | 20260410161939.0 |
| 008 - FIXED-LENGTH DATA ELEMENTS--GENERAL INFORMATION | |
| fixed length control field | 260409a |
| 100 1# - MAIN ENTRY--PERSONAL NAME | |
| Personal name | Wray, L. Randall |
| 245 10 - TITLE STATEMENT | |
| Title | Money, interest rates, and monetarist policy: some more unpleasant monetarist arithmetic? |
| 773 0# - HOST ITEM ENTRY | |
| Title | Journal of post Keynesian economics |
| Related parts | - Vol. 15, Nº 4 (jun. 1993) |
| Record control number | REV26226 |
No hay ítems disponibles.